Statistics for Axis and Allies 1940 global territories.

Click here to take the quiz!

General Stats

  • This quiz has been taken 41 times
  • The average score is 47 of 205

Answer Stats

HintAnswer% Correct
Pro Axis NeutralFinland
68%
FranceFrance
68%
FranceSouthern France
68%
U.K. EuropeUnited Kingdom
68%
GermanyDenmark
64%
GermanyNorway
64%
GermanyRomania
61%
Strict NeutralSpain
61%
GermanyGermany
57%
GermanyGreater Southern Germany
57%
Strict NeutralPortugal
57%
GermanyWestern Germany
57%
Strict NeutralArgentina
54%
Pro Allies NeutralBrazil
54%
Pro Axis NeutralBulgaria
54%
Pro Allies NeutralGreece
54%
ItalyNorthern Italy
54%
GermanyPoland
54%
Strict NeutralSweden
54%
U.S.S.RUkraine
54%
U.S.S.RWestern Ukraine
54%
ItalyAlbania
50%
JapanJapan
50%
U.S.S.RRussia
50%
Strict NeutralSwitzerland
50%
Pro Allies NeutralYugoslavia
50%
U.S.S.RBelarus
46%
U.K. EuropeEgypt
46%
Pro Axis NeutralIraq
46%
ItalyLibya
46%
Pro Allies NeutralNorthwest Persia
46%
Strict NeutralTurkey
46%
FranceAlgeria
43%
Strict NeutralChile
43%
Pro Allies NeutralEastern Persia
43%
ItalyEthiopia
43%
FranceFrench Indo China
43%
U.K. EuropeIceland
43%
JapanKorea
43%
United StatesMexico
43%
Pro Allies NeutralPersia
43%
Strict NeutralPeru
43%
U.K PacificWest India
43%
U.K PacificIndia
39%
FranceMorocco
39%
Strict NeutralBolivia
36%
Strict NeutralColumbia
36%
FranceFrench Guiana
36%
U.K. Europe / CanadaOntario
36%
U.K. Europe / CanadaQuebec
36%
Dutch TerritorySuriname
36%
FranceTunisia
36%
U.K. EuropeUnion of South Africa
36%
Strict NeutralVenezuela
36%
United StatesGreenland
32%
U.K. EuropeKenya
32%
U.K. EuropeMalta
32%
ChinaManchuria
32%
U.K. EuropeSouth West Africa
32%
FranceSyria
32%
U.K. EuropeCyprus
29%
United StatesEastern United States
29%
U.S.S.RKazakhstan
29%
Strict NeutralSaudi Arabia
29%
ItalySicily
29%
United StatesWestern United States
29%
Strict NeutralAfghanistan
25%
U.K PacificBurma
25%
United StatesCentral America
25%
FranceFrench West Africa
25%
A.N.Z.A.CNew Zealand
25%
U.K. EuropeNigeria
25%
JapanOkinawa
25%
U.K PacificSamoa
25%
ItalySardinia
25%
JapanSiam
25%
U.S.S.RSiberia
25%
A.N.Z.A.CSolomon Islands
25%
Strict NeutralUruguay
25%
United StatesAlaska
21%
Strict NeutralAngola
21%
U.S.S.RBaltic States
21%
U.K PacificBorneo
21%
United StatesCentral United States
21%
Pro Allies NeutralEire
21%
FranceFrench Equatorial Africa
21%
FranceFrench Madagascar
21%
JapanHainan
21%
Dutch TerritoryJava
21%
U.S.S.RKarelia
21%
Strict NeutralMozambique
21%
A.N.Z.A.CNew South Wales
21%
ItalySouthern Italy
21%
Dutch TerritorySumatra
21%
A.N.Z.A.CWestern Australia
21%
United StatesWest Indies
21%
U.S.S.RBessarabia
18%
U.K. EuropeBritish Somaliland
18%
JapanCaroline Islands
18%
Dutch TerritoryCelebes
18%
U.K PacificFiji
18%
JapanFormosa
18%
ImpassableHimalayas
18%
ItalyItalian Somaliland
18%
JapanIwo Jima
18%
Strict NeutralLiberia
18%
U.K PacificMalaya
18%
JapanMarshall Islands
18%
A.N.Z.A.CNew Guinea
18%
U.K. EuropeScotland
18%
U.S.S.RTurkmenistan
18%
U.K. EuropeAlexandria
14%
United StatesAluetian Islands
14%
U.K. EuropeBelgian Congo
14%
U.K PacificCeylon
14%
Pro Allies NeutralCrete
14%
U.K. EuropeGibraltar
14%
U.K PacificGilbert Islands
14%
U.K. EuropeGold Coast
14%
United StatesHawaiian Islands
14%
U.K PacificKwangtung
14%
United StatesMidway
14%
U.S.S.RNovgorod
14%
ImpassablePripet Marshes
14%
U.K. EuropeRhodesia
14%
ImpassableSahara Desert
14%
GermanySlovakia Hungary
14%
ItalyTobruk
14%
U.K. EuropeTrans-Jordan
14%
U.S.S.RUrals
14%
A.N.Z.A.CVictoria
14%
United StatesWake Island
14%
U.K. EuropeWestern Canada
14%
ChinaYunnan
14%
U.K. EuropeAnglo Egyptian Sudan
11%
U.S.S.RArchangel
11%
Dutch TerritoryDutch New Guinea
11%
U.S.S.REastern Poland
11%
FranceFrench Central Africa
11%
United StatesGuam
11%
GermanyHolland Belgium
11%
ChinaKwangsi
11%
JapanMarianas
11%
FranceNormandy Bordeaux
11%
A.N.Z.A.CNorthern Territory
11%
A.N.Z.A.CQueensland
11%
U.K PacificShan State
11%
A.N.Z.A.CSouth Australia
11%
U.S.S.RSoviet Far East
11%
U.S.S.RVolgograd
11%
U.S.S.RAmur
7%
ChinaAnhwe
7%
U.K. EuropeBritish Guiana
7%
U.S.S.RBuryatia
7%
ChinaJehol
7%
ChinaKiangsi
7%
ChinaKiangsu
7%
U.K. Europe / CanadaNew Brunswick Nova Scotia
7%
U.K. EuropeNewfoundland Labrador
7%
FranceNew Hebrides
7%
U.S.S.RNovosibirsk
7%
JapanPalau Island
7%
U.S.S.RRostov
7%
ChinaShantung
7%
Strict NeutralSierra Leon
7%
U.S.S.RSmolensk
7%
U.K. EuropeTanganyika Territory
7%
Strict NeutralUlaanbaatar
7%
U.S.S.RYakut S.S.R
7%
U.K. Europe / CanadaAlberta Saskatchewan Manitoba
4%
U.S.S.RBryansk
4%
Strict NeutralCentral Mongolia
4%
ChinaChahar
4%
U.S.S.REvenkiyskiy
4%
ChinaHopei
4%
ChinaHunan
4%
United StatesJohnston Island
4%
ChinaKansu
4%
ChinaKweichow
4%
United StatesLine Islands
4%
U.S.S.RNenetsia
4%
A.N.Z.A.CNew Britain
4%
United StatesPhillipines
4%
U.S.S.RSakha
4%
U.S.S.RSamara
4%
ChinaShensi
4%
ChinaSikang
4%
United StatesSoutheast Mexico
4%
ChinaSuiyuyan
4%
U.S.S.RTambov
4%
U.S.S.RTimguska
4%
ChinaTsinghai
4%
U.S.S.RVologda
4%
U.S.S.RVyborg
4%
U.S.S.RYenisey
4%
Strict NeutralBuyant-Uhaa
0%
U.S.S.RCaucasas
0%
Strict NeutralDzavhan
0%
Strict NeutralEquador
0%
Strict NeutralOlgiy
0%
Strict NeutralParaguy
0%
Strict NeutralPortuguese Guinea
0%
Strict NeutralRio De Oro
0%
ChinaSzchewan
0%
Strict NeutralTsagaan-Olom
0%

Score Distribution

Percentile by Number Answered

Percent of People with Each Score

Your Score History

You have not taken this quiz